| 000 | 02967nam a22002657a 4500 | ||
|---|---|---|---|
| 001 | 5150453 | ||
| 003 | UA-OsUOA | ||
| 005 | 20201109110840.0 | ||
| 008 | 200403b un ||||| m||| 00| 0 ukr d | ||
| 040 |
_aUA-OsUOA _bukr _cUA-OsUOA _dUA-OsUOA |
||
| 041 | _aukr | ||
| 080 | _a343.122 | ||
| 090 | _a343.122 | ||
| 095 |
_a12.00.09 _bкримінальний процес та криміналістика; судова експертиза; оперативно-розшукова діяльність |
||
| 100 | _aТлепова М. І. | ||
| 245 |
_aПроцесуальне становище потерпілого під час досудового розслідування _cТлепова Марина Ігорівна ; наук. керівник Маринів Володимир Іванович |
||
| 260 |
_aХарків _c2016 |
||
| 300 | _a20 с. | ||
| 502 |
_6Автореферат дисертації на здобуття наукового ступеня кандидата юридичних наук
_cНаціональний юридичний університет імені Ярослава Мудрого _d2016 |
||
| 520 | _aУ роботі з’ясовано сутність процесуального становища потерпілого, розкрито зміст міжнародних стандартів захисту прав потерпілого, надано визначення понять "потерпілий-фізична особа" та "потерпілий-юридична особа". Досліджено процесуальні права потерпілого, виявлено недоліки їх правової регламентації та запропоновано шляхи їх усунення. Сформульовано низку пропозицій, спрямованих на вдосконалення процесуального становища потерпілого в особливих порядках кримінального провадження (провадження у формі приватного обвинувачення та провадження на підставі угоди про примирення). Проаналізовано основні кримінальні процесуальні способи відшкодування шкоди потерпілому, такі як цивільний позов та кримінальна процесуальна реституція, висвітлено зміст кримінальних процесуальних засобів відшкодування шкоди потерпілим. | ||
| 650 |
_2UDC _a343 Кримінальне право. Карні порушення |
||
| 942 |
_2udc _cAR |
||
| 955 | _a1 | ||
| 999 |
_c458706 _d458706 |
||